Matemática : 4 [E. G. B.]. Guía didáctica /

Guardado en:
Detalles Bibliográficos
Otros Autores: Ramos, Antonio Gutiérrez, María Sánchez García Saúco, Matilde . Vázquez, María del Carmen
Formato: Libro
Lenguaje:español
Publicado: Madrid : Santillana, 1976
Catálogo:MANES:  Resultados de Búsqueda del Catálogo
Clasificación de libros de texto:
Colección:EGB Santillana
Etiquetas: Agregar Etiqueta
Sin Etiquetas, Sea el primero en etiquetar este registro!
Añadido a:1999-11-29
Cambiado en:2025-05-07

MARC

LEADER 00000cam a2200000#i 4500
005 20250507134516.0
008 000000s1976 espa p 000 0 spa d
020 |a 8429413170 
040 |a uned  |b spa  |c entro-manes 
245 0 0 |a Matemática :   |b 4 [E. G. B.].   |p Guía didáctica /   |c [material con la dirección de Antonio Ramos ; realización, María Gutiérrez, Matilde Sánchez García - Saúco y María del Carmen Vázquez] 
260 |a Madrid :   |b Santillana,   |c 1976 
300 |a 368 p. :   |b il. col. 
490 0 |a EGB Santillana  
546 |a España 
561 |5 es-BUNED  |3 L.T.M. 0323  |a España. Fondo Manes UNED  |k MANES 
690 0 |a MATE 
691 0 |a PRI 
700 1 |a Ramos, Antonio  |9 14926  |a Gutiérrez, María  |a Sánchez García Saúco, Matilde .  |9 36558  |a Vázquez, María del Carmen 
942 |2 ddc  |c BK 
999 |c 96079  |d 96079 
999 |c manes:96079  |d 96079